00754nam a2200145 i 4500001000700000003000900007005001700016008004100033110006300074245023200137260007300369300004100442650004400483852008100527185252ES-MaACL20230906222400.0160426s1880 sp |||| | spa d1 aEspaña. bDirección General de Beneficencia y Sanidad.10aMemoria acerca del resultado que ofrece la estadística de los manicomios:bcenso de población acogida en ellos durante el año económico de 1879-80, y su comparacion con la publicada en la Gaceta de 7 de octubre de 1848. aMadrid : b[s.n.], c1880 (fImprenta y Fundición de Manuel Tello) a16, [52] p., [8] h. pleg. ; c23 cm. aHospitales-zEspaña-vEstadísticas. aES-MaACLjT-433-F-10 z.- Enc. en un vol. facticio falto de la cub. original